| 000 | 00458nam a22001817a 4500 | ||
|---|---|---|---|
| 003 | OSt | ||
| 005 | 20180116183012.0 | ||
| 008 | 150911b xxu||||| |||| 00| 0 eng d | ||
| 020 | _a97818915296175 | ||
| 040 | _c0 | ||
| 082 | _a658.403 HIC 9428 | ||
| 100 | _aMichael J Hicks | ||
| 245 | _aProblem Solving and Decision Making | ||
| 260 |
_aUK _bThomson _c2004 |
||
| 300 |
_a427 P. _bPB |
||
| 440 | _aProblem Solving and Decision Making | ||
| 942 |
_2ddc _cBK |
||
| 999 |
_c350339 _d350339 |
||